The magic school bus inside a hurricane / (Record no. 729)

MARC details
000 -LEADER
fixed length control field 01194nam a22003257a 4500
005 - DATE AND TIME OF LATEST TRANSACTION
control field 20250327111529.0
020 ## - INTERNATIONAL STANDARD BOOK NUMBER
International Standard Book Number 059044686X (lib. bdg.)
040 ## - CATALOGING SOURCE
Original cataloging agency DLC
Transcribing agency DLC
Modifying agency DLC
Language of cataloging eng
050 00 - LIBRARY OF CONGRESS CALL NUMBER
Classification number QC944.2
Item number .C65 1995
082 00 - DEWEY DECIMAL CLASSIFICATION NUMBER
Classification number 551.55/2
Edition number 20
100 1# - MAIN ENTRY--PERSONAL NAME
Personal name Cole, Joanna.
245 14 - TITLE STATEMENT
Title The magic school bus inside a hurricane /
Statement of responsibility, etc. by Joanna Cole ; illustrated by Bruce Degen.
260 ## - PUBLICATION, DISTRIBUTION, ETC.
Place of publication, distribution, etc. New York :
Name of publisher, distributor, etc. Scholastic ,
Date of publication, distribution, etc. 1995.
300 ## - PHYSICAL DESCRIPTION
Extent 48 pages :
Other physical details color illustrations ;
Dimensions 22 x 26 cm.
490 ## - SERIES STATEMENT
Series statement The magic school bus
505 ## - FORMATTED CONTENTS NOTE
Formatted contents note R <br/>
520 ## - SUMMARY, ETC.
Summary, etc. The magic school bus changes into a hot-air balloon and then an airplane as Ms. Frizzle takes her class on a field trip into the eye of a hurricane for a lesson in meteorology.
521 ## - TARGET AUDIENCE NOTE
Target audience note 710 <br/>
Source Lexile <br/>
521 ## - TARGET AUDIENCE NOTE
Target audience note Q <br/>
Source Raz-Plus <br/>
650 #0 - SUBJECT ADDED ENTRY--TOPICAL TERM
Topical term or geographic name entry element Hurricanes
General subdivision Miscellanea
-- Juvenile literature.
650 #0 - SUBJECT ADDED ENTRY--TOPICAL TERM
Topical term or geographic name entry element Weather
General subdivision Miscellanea
-- Juvenile literature.
650 #0 - SUBJECT ADDED ENTRY--TOPICAL TERM
Topical term or geographic name entry element Meteorology
General subdivision Miscellanea
-- Juvenile literature.
650 #1 - SUBJECT ADDED ENTRY--TOPICAL TERM
Topical term or geographic name entry element Hurricanes.
650 #1 - SUBJECT ADDED ENTRY--TOPICAL TERM
Topical term or geographic name entry element Weather.
650 #1 - SUBJECT ADDED ENTRY--TOPICAL TERM
Topical term or geographic name entry element Meteorology.
700 1# - ADDED ENTRY--PERSONAL NAME
Personal name Degen, Bruce,
Relator term illustrator.
906 ## - LOCAL DATA ELEMENT F, LDF (RLIN)
a 7
b cbc
c orignew
d 1
e ocip
f 19
g y-gencatlg
942 ## - ADDED ENTRY ELEMENTS (KOHA)
Source of classification or shelving scheme Dewey Decimal Classification
Koha item type Books
Suppress in OPAC No
999 ## -
-- 729
-- 729
Holdings
Withdrawn status Lost status Source of classification or shelving scheme Damaged status Not for loan Collection Home library Current library Shelving location Date acquired Total Checkouts Full call number Barcode Date last seen Date last checked out Price effective from Koha item type Copy number
    Dewey Decimal Classification     Juvenile Fiction Footprints International School Library Network Toul Kork Campus Footprints International School Library Network Toul Kork Campus TK Primary Library Room(4th Floor), Bookcase 5&6, Shelves 33-56, Orange Books 07/04/2023 2 COL 551.552 QC944.C65 FISTK01929 09/28/2023 08/31/2023 07/04/2023 Books  
    Dewey Decimal Classification     Juvenile Fiction Footprints International School Library Network Toul Tom Poung Campus Footprints International School Library Network Toul Tom Poung Campus TTP Primary Orange Bookshelves 03/27/2025   COL 551.552 QC944.C65 2025-0866 03/27/2025   03/27/2025 Books 2